000 00374nam a2200145Ia 4500
008 231217s9999 xx 000 0 und d
041 _aEnglish
082 _a621.46 BRA;1 R
100 _aBraymesr, Daniel H. Roe, A C.
245 0 _aRewinding small motors
260 _c1932
_bMacgraw-hill
_aNew York
300 _axvi, 263
650 _aRewinding,motors
942 _cAA
999 _c181993
_d181993